A text book of information technology / (Record no. 133202)

MARC details
000 -LEADER
fixed length control field 00680nam a22002297a 4500
005 - DATE AND TIME OF LATEST TRANSACTION
control field 20170124110205.0
010 ## - LIBRARY OF CONGRESS CONTROL NUMBER
LC control number B-059041
020 ## - INTERNATIONAL STANDARD BOOK NUMBER
Terms of availability 00.00
International Standard Book Number 817880121
035 ## - SYSTEM CONTROL NUMBER
System control number B-059041
037 ## - SOURCE OF ACQUISITION
Source of stock number/acquisition Cen Lib/Ret
040 ## - CATALOGING SOURCE
Original cataloging agency DPL
Language of cataloging EN
082 ## - DEWEY DECIMAL CLASSIFICATION NUMBER
Classification number 005
Item number SHR
100 ## - MAIN ENTRY--PERSONAL NAME
Personal name Shrivastava, Raj Kumar
9 (RLIN) 37154
245 ## - TITLE STATEMENT
Title A text book of information technology /
Statement of responsibility, etc by Raj Kumar Shrivastava
246 ## - VARYING FORM OF TITLE
Remainder of title
260 ## - PUBLICATION, DISTRIBUTION, ETC. (IMPRINT)
Name of publisher, distributor, etc Dominant publishers
Date of publication, distribution, etc 2001
Place of publication, distribution, etc New Delhi
270 ## - ADDRESS
Address 116 A, South anarkali
City New Delhi
Postal code 110051
300 ## - PHYSICAL DESCRIPTION
Extent 637p.
Dimensions 20cm(Hb)
650 ## - SUBJECT ADDED ENTRY--TOPICAL TERM
Topical term or geographic name as entry element Information technology
9 (RLIN) 37453
650 ## - SUBJECT ADDED ENTRY--TOPICAL TERM
Topical term or geographic name as entry element Operating system
9 (RLIN) 37156
942 ## - ADDED ENTRY ELEMENTS (KOHA)
Source of classification or shelving scheme Dewey Decimal Classification
Koha item type English Books
Classification part 005
Call number suffix SHR
Holdings
Withdrawn status Lost status Damaged status Not for loan Home library Current library Date acquired Source of acquisition Cost, normal purchase price Total Checkouts Full call number Barcode Date last seen Copy number Cost, replacement price Price effective from Koha item type
        Central Library Central Library 24/07/2015 Cen Lib/Ret 0.00   005 SHR B-059041 24/07/2015 1 0.00 24/07/2015 English Books

© Delhi Public Library
Hit Counter
free hit counter